[Event "Oviedo rapid"]
[Site "Oviedo"]
[Date "1993.??.??"]
[Round "7"]
[White "Garcia, Gildardo"]
[Black "Rivera, Daniel"]
[Result "1/2-1/2"]
[WhiteElo "2520"]
[BlackElo "2415"]

1.e4 c5 2.Nf3 Nc6 3.d4 cxd4 4.Nxd4 Nf6 5.Nc3 d6 6.Bg5 e6 7.Qd2 a6 8.f4 h6
9.Bxf6 Qxf6 10.Nf3 Qd8 11.O-O-O Be7 12.Kb1 Qc7 13.Bc4 Bd7 14.Bb3 O-O-O 15.Qf2 Kb8
16.Na4 Na5 17.Nb6 Bb5 18.a4 Be8 19.Qd4 Bf6 20.Qe3 Qc5 21.Rhe1 Qxe3 22.Rxe3 Kc7
23.Nc4 Nxc4 24.Bxc4 Bxa4 25.f5 Rhe8 26.fxe6 fxe6 27.Rde1 Bc6 28.c3 b5 29.Bd3 Rf8
30.Ka2 a5 31.Ra1 a4 32.Rae1 Rb8 33.R1e2 b4 34.e5 b3+ 35.Kb1 dxe5  1/2-1/2

[Event "Pamplona9394"]
[Site "Pamplona"]
[Date "1993.??.??"]
[Round "2"]
[White "Izeta Txabarri, Felix"]
[Black "Gomez Esteban, Juan Mario"]
[Result "1-0"]
[WhiteElo "2510"]
[BlackElo "2450"]

1.e4 c5 2.Nf3 d6 3.d4 cxd4 4.Nxd4 Nf6 5.Nc3 Nc6 6.Bg5 e6 7.Bb5 Bd7 8.Bxc6 bxc6
9.Qf3 Qa5 10.Bxf6 gxf6 11.Qxf6 Rg8 12.Qf3 Rb8 13.Nb3 Qg5 14.g3 c5 15.Qd3 Rb4
16.a3 Rb6 17.O-O h5 18.Nd2 Bc8 19.Nc4 Ba6 20.a4 Bxc4 21.Qxc4 h4 22.Nb5 a6
23.Nc7+ Ke7 24.Ra3 Bg7 25.a5 Rxb2 26.Qxa6 Rgb8 27.Qd3 Bd4 28.a6 hxg3 29.Qxg3 Qxg3+
30.hxg3 Kd7 31.a7 Kxc7 32.axb8=Q+ Rxb8 33.Ra7+ Kc6 34.Rxf7 Rb2 35.Rc1 Kb5
36.c3  1-0

[Event "WchT U26"]
[Site "Paranana"]
[Date "1993.??.??"]
[Round "?"]
[White "Kokkila, Tero"]
[Black "Adla, Diego"]
[Result "1/2-1/2"]
[WhiteElo "2320"]
[BlackElo "2435"]

1.e4 c5 2.Nf3 Nc6 3.d4 cxd4 4.Nxd4 Nf6 5.Nc3 d6 6.Bg5 e6 7.Qd2 a6 8.O-O-O Bd7
9.f4 b5 10.Nxc6 Bxc6 11.Bd3 Be7 12.e5 dxe5 13.fxe5 Nd7 14.Bxe7 Qxe7 15.Qf4 Nc5
16.Be4 Bxe4 17.Nxe4 Nxe4 18.Qxe4 O-O 19.Rd6 a5 20.Rhd1 Rac8 21.h4 Rc7 22.g3 Rfc8
23.Kb1 h6 24.Qd3 b4 25.a3 Rc4 26.Rd7 Qf8 27.axb4 axb4 28.Rf1 Rxc2  1/2-1/2

[Event "Pardubice"]
[Site "Pardubice"]
[Date "1993.??.??"]
[Round "3"]
[White "Dolmatov, Sergey"]
[Black "Greenfeld, Alon"]
[Result "0-1"]
[WhiteElo "2630"]
[BlackElo "2590"]

1.e4 c5 2.Nf3 d6 3.d4 cxd4 4.Nxd4 Nf6 5.Nc3 Nc6 6.Bg5 e6 7.Qd2 a6 8.O-O-O h6
9.Be3 Bd7 10.f3 b5 11.Nxc6 Bxc6 12.Qf2 Be7 13.Kb1 Qc7 14.Bd3 O-O 15.g4 b4
16.Ne2 d5 17.e5 Nd7 18.f4 d4 19.Bxd4 Bxh1 20.Rxh1 Bc5 21.g5 h5 22.Ng3 Qa7
23.Nxh5 Bxd4 24.Qh4 Bf2 25.Bh7+ Kh8 26.Ng3 Rfc8 27.Bg6+ Kg8 28.Qh7+ Kf8 29.Qh8+ Ke7
30.Qxg7 Rf8 31.Ne4 Bg1 32.Nd6 Qd4 33.Bh5 Qxf4 34.Rxg1 Qxh2 35.Re1 Qxh5 36.Nf5+ Kd8
37.Nd4 Qh8  0-1

[Event "Pardubice op"]
[Site "Pardubice"]
[Date "1993.??.??"]
[Round "3"]
[White "Horak, Michal"]
[Black "Kiselev, Sergey"]
[Result "0-1"]
[WhiteElo "2310"]
[BlackElo "2470"]

1.e4 c5 2.Nf3 Nc6 3.d4 cxd4 4.Nxd4 Nf6 5.Nc3 d6 6.Bg5 e6 7.Qd2 a6 8.O-O-O h6
9.Bf4 Bd7 10.Nxc6 Bxc6 11.f3 d5 12.exd5 Nxd5 13.Nxd5 Qxd5 14.Qxd5 Bxd5 15.c4 Rc8
16.Kb1 Bc6 17.Bd3 Bc5 18.Rhe1 Ke7 19.Be5 Rhd8 20.Bc2 g5 21.Rxd8 Rxd8 22.Rd1 Rg8
23.h3 h5 24.a3 a5 25.Bh7 Rc8 26.Bd3 a4 27.Kc2 g4 28.hxg4 hxg4 29.fxg4 Rg8
30.Be2 Bxg2 31.Kc3 b6 32.Rd2 Bc6 33.Bd1 f6 34.Bd4 Rh8 35.Rd3 Rh2 36.Bxc5+ bxc5
37.Rg3 Kd6 38.Bc2 Rh8 39.Rd3+ Ke7 40.Rg3 Rg8 41.Bd1 f5 42.Rh3 Rd8 43.Be2 f4
44.g5 Be4  0-1

[Event "Pardubice op"]
[Site "Pardubice"]
[Date "1993.??.??"]
[Round "7"]
[White "Nikolenko, Oleg"]
[Black "Jurka, Miroslav"]
[Result "1-0"]
[WhiteElo "2475"]
[BlackElo "2340"]

1.e4 c5 2.Nf3 d6 3.d4 cxd4 4.Nxd4 Nf6 5.Nc3 Nc6 6.Bg5 e6 7.Qd2 Be7 8.O-O-O O-O
9.Nb3 a6 10.Bxf6 gxf6 11.f4 Kh8 12.Kb1 b5 13.f5 Rg8 14.g3 Bf8 15.Ne2 Ne5
16.fxe6 fxe6 17.Nf4 Ng6 18.Nh5 Bb7 19.Bg2 Be7 20.Rhf1 Rc8 21.Qe2 Rc4 22.Rd4 Ne5
23.Bh3 Bc8 24.Nf4 f5 25.exf5 exf5 26.Bg2 Bf6 27.Bd5 Re8 28.Qh5 Rc7 29.Rdd1 Rg7
30.Nd4 Rg5 31.Qh3 Nc4 32.Nde6 Bxe6 33.Nxe6 Rxe6 34.Bxe6 Nxb2 35.Bxf5 Rg7
36.Rde1 Na4 37.Rf3 Nc3+ 38.Rxc3 Bxc3 39.Re6 Qf8 40.g4 b4 41.a4 Re7 42.Qh4 Rf7
43.Rh6 Rxf5 44.gxf5 Qxf5 45.Qd8+ Kg7 46.Rxd6  1-0

[Event "Pardubice op"]
[Site "Pardubice"]
[Date "1993.??.??"]
[Round "7"]
[White "Hracek, Zbynek"]
[Black "Hausner, Ivan"]
[Result "1-0"]
[WhiteElo "2510"]
[BlackElo "2465"]

1.e4 c5 2.Nf3 d6 3.d4 cxd4 4.Nxd4 Nf6 5.Nc3 Nc6 6.Bg5 e6 7.Qd2 a6 8.O-O-O Bd7
9.f3 Be7 10.Kb1 b5 11.Nxc6 Bxc6 12.h4 Qb6 13.g4 O-O-O 14.Be3 Qb7 15.g5 Nd7
16.Nd5 exd5 17.exd5 Bxd5 18.Qxd5 Qxd5 19.Rxd5 Kb7 20.f4 h6 21.Bg2 Kb8 22.a4 bxa4
23.Ra5 Nc5 24.Re1 Rd7 25.Bxc5 dxc5 26.Rxa6 Rhd8 27.Re4 hxg5 28.hxg5 Kc7 29.Bh3 Rd1+
30.Ka2 Bd6 31.Ra7+ Kb6 32.Rexa4 Bb8 33.R4a6+ Kb5 34.Ra5+ Kc4 35.Rxf7 Kd4
36.Ra4+ Ke3 37.Re7+ Kd2 38.Rxg7 Bxf4 39.g6 Rg1 40.Rd7+ Rxd7 41.Bxd7 Be5 42.Bf5 Rg5
43.Be4 Rg4 44.c3 Kc1 45.Kb3 Kd2 46.Rc4 Kc1 47.Ka3 Kd2 48.Ka4 Bg7 49.Kb5 Bf8
50.Kc6 Ke3 51.b4 cxb4 52.cxb4  1-0

[Event "Peristeri"]
[Site "Peristeri"]
[Date "1993.??.??"]
[Round "3"]
[White "Pandavos, Panayotis"]
[Black "Atalik, Suat"]
[Result "0-1"]
[WhiteElo "2360"]
[BlackElo "2535"]

1.e4 c5 2.Nf3 d6 3.d4 cxd4 4.Nxd4 Nf6 5.Nc3 Nc6 6.Bg5 e6 7.Qd2 a6 8.O-O-O h6
9.Bf4 Bd7 10.Nxc6 Bxc6 11.f3 d5 12.Qe1 Bb4 13.a3 Ba5 14.exd5 Nxd5 15.Bd2 Nxc3
16.Bxc3 Qg5+ 17.Kb1 Bxc3 18.Qxc3 O-O 19.h4 Qf6 20.Qxf6 gxf6 21.Bd3 f5 22.f4 Kg7
23.Rhg1 Kf6 24.Be2 Rg8 25.g3 Rac8 26.Rd4 Be4 27.Bd3 Bf3 28.Kc1 Rg4 29.Kd2 Rcg8
30.Ke3 Rxg3 31.Rxg3 Rxg3 32.Kf2 Rh3 33.Bf1 Rh1 34.Bxa6 Be4 35.Bd3 Rxh4 36.Bxe4 Rxf4+
37.Kg3 Rg4+ 38.Kf3 h5 39.Rb4 fxe4+ 40.Ke3 h4  0-1

[Event "World op"]
[Site "Philadelphia"]
[Date "1993.??.??"]
[Round "?"]
[White "Friedman, Josef"]
[Black "Shirazi, Kamran G"]
[Result "1-0"]
[WhiteElo "2300"]
[BlackElo "2380"]

1.e4 c5 2.Nf3 Nc6 3.d4 cxd4 4.Nxd4 Nf6 5.Nc3 d6 6.Bg5 e6 7.Qd2 a6 8.O-O-O h6
9.Bf4 Bd7 10.Nxc6 Bxc6 11.f3 d5 12.Qe1 Be7 13.exd5 exd5 14.Be5 O-O 15.Kb1 Re8
16.Qd2 Nd7 17.Bd4 Nc5 18.Bf2 Bg5 19.f4 Be7 20.Nxd5 Bxd5 21.Qxd5 Ne4 22.Be1 Qb6
23.Ba5 Qf6 24.Qxe4 Ba3 25.Bc3  1-0

[Event "World op"]
[Site "Philadelphia"]
[Date "1993.??.??"]
[Round "?"]
[White "Zapata, Alonso"]
[Black "Gulko, Boris F"]
[Result "1/2-1/2"]
[WhiteElo "2555"]
[BlackElo "2635"]

1.e4 c5 2.Nf3 Nc6 3.d4 cxd4 4.Nxd4 Nf6 5.Nc3 d6 6.Bg5 e6 7.Qd2 a6 8.O-O-O h6
9.Be3 Nxd4 10.Bxd4 b5 11.f3 Qa5 12.a3 Rb8 13.Kb1 Be7 14.g4 e5 15.Be3 Be6
16.Nd5 Qxd2 17.Nxf6+ gxf6 18.Bxd2 h5 19.gxh5 Rxh5 20.Bb4 Kd7 21.Rd2 Rbh8
22.a4 Kc6 23.axb5+ axb5 24.b3 f5 25.Kb2 fxe4  1/2-1/2

[Event "Podgorica"]
[Site "Podgorica"]
[Date "1993.??.??"]
[Round "9"]
[White "Zontakh, Andrey"]
[Black "Levin, Felix"]
[Result "0-1"]
[WhiteElo "2455"]
[BlackElo "2505"]

1.e4 c5 2.Nf3 d6 3.d4 cxd4 4.Nxd4 Nf6 5.Nc3 Nc6 6.Bg5 e6 7.Qd2 a6 8.O-O-O h6
9.Be3 Bd7 10.f4 Be7 11.Be2 b5 12.Bf3 Rc8 13.Nb3 Na5 14.Nxa5 Qxa5 15.Kb1 b4
16.Ne2 Bc6 17.Ng3 O-O 18.Rhe1 Rfd8 19.Qf2 Rb8 20.Bc1 Qc7 21.e5 dxe5 22.Rxd8+ Rxd8
23.fxe5 Nd5 24.Nh5 Bf8 25.g4 Nc3+ 26.bxc3 bxc3 27.Bxc6 Qxc6 28.Ka1 Rb8 29.Qd4 Qb7  0-1

[Event "Podgorica"]
[Site "Podgorica"]
[Date "1993.??.??"]
[Round "9"]
[White "Ivanovic, Bozidar"]
[Black "Makarov, Marat"]
[Result "1-0"]
[WhiteElo "2470"]
[BlackElo "2515"]

1.e4 c5 2.Nf3 Nc6 3.d4 cxd4 4.Nxd4 Nf6 5.Nc3 d6 6.Bg5 e6 7.Qd2 a6 8.O-O-O h6
9.Be3 Be7 10.f3 Nxd4 11.Bxd4 b5 12.Kb1 Rb8 13.Qf2 Qc7 14.g4 Bd7 15.h4 b4
16.Ne2 e5 17.Be3 Rc8 18.Ng3 Bxg4 19.Bb6 Qxc2+ 20.Qxc2 Rxc2 21.fxg4 Rc6 22.Ba7 Nxg4
23.Bh3 h5 24.Nxh5 Rxh5 25.Bxg4 Rxh4 26.Rxh4 Bxh4 27.Rc1 Rxc1+ 28.Kxc1 g6
29.Kc2 Ke7 30.Kb3 Be1 31.Kc4 Kf6 32.Be3 a5 33.Kd5 a4 34.Kxd6 a3 35.b3 Bc3
36.Be2 g5 37.Kd5 Kg6 38.Bg4 Kf6 39.Bc5  1-0

[Event "Podgorica"]
[Site "Podgorica"]
[Date "1993.??.??"]
[Round "11"]
[White "Poluljahov, Aleksandr"]
[Black "Makarov, Marat"]
[Result "1/2-1/2"]
[WhiteElo "2515"]
[BlackElo "2515"]

1.e4 c5 2.Nf3 Nc6 3.d4 cxd4 4.Nxd4 Nf6 5.Nc3 d6 6.Bg5 e6 7.Qd2 a6 8.O-O-O h6
9.Be3 Be7 10.f3 Nxd4 11.Bxd4 b5 12.Kb1 Rb8 13.g4 e5 14.Be3 Qa5 15.h4 Be6
16.Be2 Nd7 17.Nd5 Qxd2 18.Rxd2 Bxd5 19.Rxd5 Nb6 20.Rdd1 O-O 21.g5 Kh7 22.b3 Nd7
23.gxh6 g6 24.f4 exf4 25.Bxf4 Nc5 26.Bf3 Rbd8 27.Rd5 Ne6 28.Bc1 Nc7 29.Rd3 b4
30.c3 bxc3 31.Rxc3 Nb5 32.Rd3 Bf6 33.Bb2 Bxb2 34.Kxb2 Kxh6 35.Rhd1 f5 36.e5 d5
37.Rxd5 Rxd5 38.Rxd5 Re8 39.a4 Nc7 40.Rd7 Ne6 41.Rd6 Nf4 42.Rxa6 Rxe5 43.Rd6 Re3
44.Bd1 Nd3+ 45.Kc2 Nc5 46.Rb6 f4 47.h5 f3 48.Rxg6+ Kxh5 49.Rb6 Kh4 50.Bxf3 Rxf3
51.a5 Kg4 52.b4 Rf2+ 53.Kb1 Na4 54.Rb7 Nc3+ 55.Kc1 Na2+ 56.Kb1 Nc3+ 57.Kc1 Na2+
58.Kd1 Nc3+ 59.Kc1 Na2+ 60.Kb1  1/2-1/2

[Event "Podgorica"]
[Site "Podgorica"]
[Date "1993.??.??"]
[Round "13"]
[White "Zontakh, Andrey"]
[Black "Makarov, Marat"]
[Result "1-0"]
[WhiteElo "2455"]
[BlackElo "2515"]

1.e4 c5 2.Nf3 Nc6 3.d4 cxd4 4.Nxd4 Nf6 5.Nc3 d6 6.Bg5 e6 7.Qd2 a6 8.O-O-O h6
9.Bf4 Bd7 10.Nxc6 Bxc6 11.f3 d5 12.Qe1 Bb4 13.a3 Ba5 14.Bd2 d4 15.Ne2 Bxd2+
16.Rxd2 e5 17.c3 Qc7 18.cxd4 Bxe4+ 19.Nc3 Bc6 20.Qxe5+ Qxe5 21.dxe5 Nd7 22.Bc4 g5
23.Re1 Nc5 24.b4 Ne6 25.Kb2 Ke7 26.Nd5+ Bxd5 27.Bxd5 Rad8 28.Red1 Rd7 29.Be4 Rxd2+
30.Rxd2 Rb8 31.Rd6 h5 32.Rb6 Nd8 33.g3 Rc8 34.Rh6 Rc7 35.Rxh5 Ne6 36.Bd5 Nd4
37.Rxg5 Rc2+ 38.Kb1 Re2 39.f4 Rxh2 40.Rg7 Ne6 41.Bxe6 Kxe6 42.Rg8 Rg2 43.a4 b5
44.a5 Kd5 45.Ra8 Rxg3 46.Rxa6 Rb3+ 47.Kc2 Rxb4 48.Rd6+ Kc4 49.a6 Ra4 50.f5 b4
51.e6 fxe6 52.fxe6 Ra2+ 53.Kb1 b3 54.e7 Re2 55.Rc6+  1-0

[Event "Podolsk"]
[Site "Podolsk"]
[Date "1993.??.??"]
[Round "?"]
[White "Dvoirys, Semen I"]
[Black "Lerner, Konstantin Z"]
[Result "1-0"]
[WhiteElo "2590"]
[BlackElo "2530"]

1.e4 c5 2.Nf3 d6 3.d4 cxd4 4.Nxd4 Nf6 5.Nc3 Nc6 6.Bg5 e6 7.Qd2 a6 8.O-O-O h6
9.Be3 Bd7 10.f4 Be7 11.Qe1 Qc7 12.Kb1 b5 13.Bd3 O-O 14.Qg3 Kh8 15.Rhf1 Rac8
16.Nxc6 Bxc6 17.e5 dxe5 18.fxe5 Nh7 19.Ne2 Be8 20.Nf4 Rg8 21.h4 Nf8 22.Bd4 Bc5
23.c3 b4 24.Rc1 Qb7 25.Qf3 Bc6 26.Qe2 Bxd4 27.cxd4 Rd8 28.Rc4 a5 29.Rfc1 Be8
30.Qe3 b3 31.a3 Qb6 32.Rc5 a4 33.Qe4 Qa7 34.g3 Qe7 35.Rc7 Rd7 36.Rc8 Ra7
37.Rb8 g6 38.d5 exd5 39.Nxd5 Qe6 40.Nc7 Rxc7 41.Rxc7 Nd7 42.Rd8 Nxe5 43.Qd4 Kh7
44.Rd6 Nf3 45.Rxe6 Nxd4 46.Rxg6 Rxg6 47.h5 Kg7 48.hxg6 Kf6 49.gxf7 Bxf7 50.Kc1 Bd5
51.Kd2 Ne6 52.Ra7 Nc5 53.Ra5  1-0

[Event "Police op"]
[Site "Police"]
[Date "1993.??.??"]
[Round "4"]
[White "Bednarska, Malgorzata"]
[Black "Skalik, Przemyslaw"]
[Result "1/2-1/2"]
[WhiteElo "2180"]
[BlackElo "2340"]

1.e4 c5 2.Nf3 d6 3.d4 cxd4 4.Nxd4 Nf6 5.Nc3 Nc6 6.Bg5 e6 7.Qd2 a6 8.O-O-O h6
9.Bf4 Bd7 10.Nxc6 Bxc6 11.f3 d5 12.Qe1 Bb4 13.a3 Ba5 14.exd5 Nxd5 15.b4 Nxf4
16.Rxd8+ Bxd8 17.Ne2 Nxe2+ 18.Bxe2 O-O 19.Bd3 Bf6 20.Qf2 Rfd8 21.g4 Rd4 22.Re1 Rad8
23.h4 Rf4 24.Be4 Bc3 25.Re2 Bb5 26.Qb6 Rd7 27.Qa7 Rd8 28.Qb6 Rd7 29.Qa7 Rd8  1/2-1/2

[Event "Police op"]
[Site "Police"]
[Date "1993.??.??"]
[Round "6"]
[White "Marusenko, Petr"]
[Black "Ehrenfeucht, Wojciech"]
[Result "0-1"]
[WhiteElo "2290"]
[BlackElo "2310"]

1.e4 c5 2.Nf3 d6 3.d4 cxd4 4.Nxd4 Nf6 5.Nc3 Nc6 6.Bg5 e6 7.Bb5 Bd7 8.Bxc6 bxc6
9.Qf3 h6 10.Bh4 c5 11.Nb3 Be7 12.e5 dxe5 13.O-O-O Rc8 14.Bxf6 gxf6 15.Ne4 f5
16.Nd6+ Bxd6 17.Rxd6 c4 18.Na1 Qa5 19.Kb1 Qc5 20.Rhd1 Bc6 21.Qg3 Ke7 22.Qh4+ f6
23.R6d2 Rb8 24.c3 Be4+ 25.Nc2 Bd3 26.Ka1 a5 27.Ne3 e4 28.g3 a4 29.Nc2 h5
30.Qf4 Rbd8 31.Nb4 a3 32.bxa3 Ra8 33.Rb2 Kf7 34.Nc2 Ra7 35.Nd4 Qxa3 36.Nb5 Qa4
37.Rdd2 Rd7 38.Rb4 Qa5 39.Rdb2 Kg6 40.h3 Rd5 41.Nd6 Qa3 42.Nb5 Rxb5 43.Rxb5 Qxc3
44.Qe3 Ra8 45.h4 e5 46.Rb4 Ra6 47.Rb5 Ra4 48.Qg5+ fxg5 49.Rb6+ Kf7 50.Rb7+ Ke6  0-1

[Event "Porz op29"]
[Site "Porz"]
[Date "1993.??.??"]
[Round "4"]
[White "Morawietz, Dieter"]
[Black "Kostadinov, Atanas"]
[Result "1-0"]
[WhiteElo "2385"]
[BlackElo "2245"]

1.e4 c5 2.Nf3 d6 3.d4 cxd4 4.Nxd4 Nf6 5.Nc3 Nc6 6.Bg5 e6 7.Qd2 a6 8.O-O-O Bd7
9.f4 Nxd4 10.Qxd4 Bc6 11.e5 dxe5 12.Qxe5 Qb6 13.f5 Qc5 14.Bxf6 gxf6 15.Qxf6 Rg8
16.fxe6 Qg5+ 17.Qxg5 Rxg5 18.Bc4 fxe6 19.Rhe1 Bc5 20.Rxe6+ Kf8 21.Rf6+ Kg7
22.Rf7+ Kh8 23.g3 Rf8 24.Rxf8+ Bxf8 25.Bd5 Bh6 26.Bxc6 bxc6 27.Kb1 Rf5 28.a4 Rf2
29.h4 Bg7 30.Rd8+ Bf8 31.Ne4 Rf1+ 32.Ka2 Kg7 33.Rc8 Re1 34.Rc7+ Kg6 35.Rxc6+ Kf5
36.Rf6+ Kxe4 37.Re6+  1-0

[Event "Porz Citroen-Cup"]
[Site "Porz"]
[Date "1993.??.??"]
[Round "6"]
[White "Holzke, Frank"]
[Black "Schoen, Wolfram"]
[Result "1-0"]
[WhiteElo "2375"]
[BlackElo "2375"]

1.e4 c5 2.Nf3 Nc6 3.d4 cxd4 4.Nxd4 Nf6 5.Nc3 d6 6.Bg5 e6 7.Qd2 a6 8.O-O-O Bd7
9.f4 Be7 10.Nf3 b5 11.e5 b4 12.exf6 bxc3 13.Qxc3 gxf6 14.Bh4 d5 15.Kb1 Nb4
16.Nd4 Rc8 17.Qb3 Qa5 18.Be1 Ba4 19.Qa3 Nxc2 20.Qxe7+ Kxe7 21.Bxa5 Rc5 22.Nb3 Bxb3
23.axb3 Rxa5 24.Kxc2 Rc5+ 25.Kb1 Rb8 26.Bxa6 Rxb3 27.Rc1 Ra5 28.Rc6 f5 29.Rhc1 Rb4
30.g3 Rba4 31.Bd3 Ra1+ 32.Kc2 Kd7 33.Rc3 Kd6 34.Kd2 h5 35.h4 Rxc1 36.Rxc1 Ra2
37.Rb1 Ra8 38.Be2 Rg8 39.Rg1 Rb8 40.Kc2 Rc8+ 41.Kb1 Rh8 42.b3 f6 43.Bd3 Kc5
44.Kb2 Kd4 45.Bb5 Ke3 46.Re1+ Kf2 47.Rxe6 Kxg3 48.Rxf6 Kxf4 49.Bd7 Kg4 50.Rxf5 Kxh4
51.Rxd5 Kg3 52.b4 h4 53.b5 h3 54.Rd3+  1-0

[Event "CRO-Cup"]
[Site "Pula"]
[Date "1993.??.??"]
[Round "4"]
[White "Tolnai, Tibor"]
[Black "Kozul, Zdenko"]
[Result "1-0"]
[WhiteElo "2500"]
[BlackElo "2550"]

1.e4 c5 2.Nf3 d6 3.d4 cxd4 4.Nxd4 Nf6 5.Nc3 Nc6 6.Bg5 e6 7.Qd3 a6 8.O-O-O Bd7
9.Be2 Qa5 10.Qg3 Rc8 11.Kb1 b5 12.Nxc6 Rxc6 13.Bd3 b4 14.Ne2 e5 15.f4 Nh5
16.Qf3 h6 17.Qxh5 exf4 18.e5 Qxe5 19.Nd4 Qxg5 20.Qe2+ Be7 21.Nxc6 Bxc6 22.Be4 Bb5
23.Bd3 Bd7 24.h4 Qf6 25.Rhe1 Be6 26.Bxa6 O-O 27.Bc4 Qxh4 28.Bxe6 fxe6 29.Qxe6+ Rf7
30.Re4 Qh5 31.Rf1 Kh7 32.Rxb4 Bg5 33.Qxd6 Re7 34.Rb6 Bf6 35.Qxf4 Qa5 36.Rb4 h5
37.a3 Re5 38.Qf3 Rg5 39.Qd3+ Kh6 40.Rb8 Rg4 41.Rh8+ Kg5 42.Qe3+  1-0

[Event "CRO-Cup"]
[Site "Pula"]
[Date "1993.??.??"]
[Round "7"]
[White "Rogic, Davor"]
[Black "Sale, Srdjan"]
[Result "1-0"]
[WhiteElo "2280"]
[BlackElo "2365"]

1.e4 c5 2.Nf3 d6 3.d4 cxd4 4.Nxd4 Nf6 5.Nc3 Nc6 6.Bg5 e6 7.Qd2 h6 8.Bxf6 gxf6
9.O-O-O a6 10.Bc4 Qb6 11.Nxc6 bxc6 12.f4 Rb8 13.Bb3 h5 14.Kb1 Be7 15.f5 Qc5
16.Rhf1 Qe5 17.Rf3 a5 18.Rh3 Rb4 19.g4 h4 20.a3 Rb8 21.Qf2 Bd7 22.Qa7 Rc8
23.Rf1 Bd8 24.Qf2 Ke7 25.Rf3 Rb8 26.g5 Bb6 27.Qd2 exf5 28.exf5 Kf8 29.gxf6 Qxf6
30.Na4 Bd8 31.Be6 Ke7 32.Qe3 c5 33.Nc3 Qd4 34.f6+ Ke8 35.Bxf7+ Kxf7 36.Qg5 Rg8
37.Qh5+ Kf8 38.Qh6+ Kf7 39.Qh7+ Kf8 40.Qxd7 Rg1 41.Rxg1 Qxg1+ 42.Ka2 Qd4
43.Qg7+ Ke8  1-0

[Event "CRO-Cup"]
[Site "Pula"]
[Date "1993.??.??"]
[Round "8"]
[White "Sindik, Ervin"]
[Black "Loncar, Robert"]
[Result "1-0"]
[WhiteElo "2325"]
[BlackElo "2455"]

1.e4 c5 2.Nf3 d6 3.d4 cxd4 4.Nxd4 Nf6 5.Nc3 Nc6 6.Bg5 e6 7.Qd2 a6 8.O-O-O h6
9.Be3 Be7 10.f3 Rb8 11.g4 Ne5 12.h4 Qc7 13.Be2 b5 14.g5 b4 15.Ncb5 axb5 16.gxf6 Bxf6
17.Nxb5 Qa5 18.Nxd6+ Kf8 19.Nc4 Qxa2 20.Qd6+ Kg8 21.Nxe5 Ra8 22.Bd4 Ba6 23.Bxa6 Rxa6
24.Qxb4 Ra4 25.Qc3 Kh7 26.b3 Rxd4 27.Qxd4 Rc8 28.Qb2 Qxb2+ 29.Kxb2 Bxe5+
30.Kc1 Bc3 31.Rd3 Ra8 32.Rxc3 Ra1+ 33.Kb2 Rxh1 34.b4 Rxh4 35.b5 Rh5 36.b6  1-0

[Event "ISD-FRA"]
[Site "Reykjavik"]
[Date "1993.??.??"]
[Round "7"]
[White "Steingrimsson, Hedinn"]
[Black "Dorfman, Josif D"]
[Result "1/2-1/2"]
[WhiteElo "2420"]
[BlackElo "2580"]

1.e4 c5 2.Nf3 d6 3.d4 cxd4 4.Nxd4 Nf6 5.Nc3 Nc6 6.Bg5 e6 7.Qd2 a6 8.O-O-O Bd7
9.f4 b5 10.Nxc6 Bxc6 11.Qe3 Be7 12.Bxf6 Bxf6 13.e5 Be7 14.exd6 Bxd6 15.Qd4 Bf8
16.Qf2 Bd6 17.Qd4 Bf8 18.Qf2 Bd6 19.Qd4 Bf8 20.Qf2 Bd6 21.Qd4 Bf8 22.Qf2 Bd6
23.Qd4 Bf8 24.Qf2 Bd6 25.Qd4 Bf8 26.Qf2 Bd6 27.Qd4 Bf8 28.Qf2  1/2-1/2

[Event "LAT-ch"]
[Site "Riga"]
[Date "1993.??.??"]
[Round "?"]
[White "Lanka, Zigurds"]
[Black "Krakops, Maris"]
[Result "1-0"]
[WhiteElo "2545"]
[BlackElo "2295"]

1.e4 c5 2.Nf3 d6 3.d4 cxd4 4.Nxd4 Nf6 5.Nc3 Nc6 6.Bg5 e6 7.Qd2 a6 8.O-O-O h6
9.Be3 Be7 10.f3 Nxd4 11.Bxd4 b5 12.Kb1 Bb7 13.h4 Bc6 14.Be3 d5 15.e5 Nd7
16.f4 b4 17.Ne2 Bb5 18.g4 Qc7 19.Bg2 Bxe2 20.Qxe2 Bc5 21.Bc1 Qb6 22.Rh3 O-O-O
23.c3 b3 24.c4 bxa2+ 25.Kxa2 Qa5+ 26.Kb1 dxc4 27.Qe4 Qb5 28.Rc3 Kb8 29.Rxd7  1-0

[Event "LAT-ch"]
[Site "Riga"]
[Date "1993.??.??"]
[Round "?"]
[White "Krakops, Maris"]
[Black "Lutskan, Ilmars"]
[Result "0-1"]
[WhiteElo "2295"]
[BlackElo "2330"]

1.e4 c5 2.Nf3 Nc6 3.d4 cxd4 4.Nxd4 Nf6 5.Nc3 d6 6.Bg5 e6 7.Qd2 a6 8.O-O-O h6
9.Bf4 d5 10.exd5 exd5 11.Be2 Be7 12.Bf3 O-O 13.Nb3 Bb4 14.a3 Bxc3 15.Qxc3 Bf5
16.g4 Ne4 17.Qe3 Bg6 18.Bxe4 Bxe4 19.f3 Bh7 20.Rhe1 Rc8 21.Re2 b5 22.Kb1 b4
23.a4 Na5 24.Nxa5 Qxa5 25.Qb3 Rc4 26.Be3 Rfc8 27.Rdd2 Bg6 28.Bd4 R8c6 29.Qe3 Qc7
30.Qe8+ Kh7 31.Qf8 Rxd4 32.Rxd4 Rxc2 33.Rxc2 Qxc2+ 34.Ka2 Qxa4+  0-1

[Event "Rishon Le Ziyyon"]
[Site "Rishon Le Ziyyon"]
[Date "1993.??.??"]
[Round "3"]
[White "Liss, Eran"]
[Black "Gruenfeld, Yehuda"]
[Result "1-0"]
[WhiteElo "2405"]
[BlackElo "2535"]

1.e4 c5 2.Nf3 d6 3.d4 cxd4 4.Nxd4 Nf6 5.Nc3 Nc6 6.Bg5 e6 7.Qd2 Be7 8.O-O-O O-O
9.Nb3 Qb6 10.f3 Rd8 11.Be3 Qc7 12.Qf2 d5 13.exd5 Nxd5 14.Nxd5 Rxd5 15.Rxd5 exd5
16.g4 Ne5 17.Kb1 Nc4 18.Bd4 a5 19.Bd3 a4 20.Nd2 Bg5 21.Bxc4 dxc4 22.Re1 Be6
23.Ne4 Be7 24.f4 Bf8 25.Be5 Qc6 26.a3 Re8 27.g5 b5 28.Qh4 Bf5 29.Ng3 Bc8
30.Ne4 c3 31.Nxc3 Bf5 32.Bd4 Rc8 33.Re5 Qg6 34.Qf2 b4 35.axb4 Bxb4 36.Bc5 Bxc3
37.bxc3 Qc6 38.Bb4 g6 39.Qe1 Be6 40.Rc5 Qb7 41.Rxc8+ Qxc8 42.Qe5 Qa8 43.Kb2 Qc8
44.Ka3 Bd7 45.c4 Qxc4 46.Bc3 Kf8 47.Qh8+ Ke7 48.Bb4+ Ke6 49.Qe5+  1-0

[Event "Rishon Le Ziyyon"]
[Site "Rishon Le Ziyyon"]
[Date "1993.??.??"]
[Round "3"]
[White "Krays, Alexander"]
[Black "Rotman, Daniel"]
[Result "1/2-1/2"]
[WhiteElo "2330"]
[BlackElo "2205"]

1.e4 c5 2.Nf3 d6 3.d4 cxd4 4.Nxd4 Nf6 5.Nc3 Nc6 6.Bg5 e6 7.Qd2 Be7 8.O-O-O O-O
9.f4 Nxd4 10.Qxd4 Qa5 11.e5 dxe5 12.Qxe5 Qxe5 13.fxe5 Nd5 14.Bxe7 Nxe7 15.Bd3 Nc6
16.Rhe1 Rd8 17.Nb5 Kf8 18.Be4 Rxd1+ 19.Rxd1 Nxe5 20.Nd6 f5 21.Nxc8 Rxc8 22.Bxb7 Rc7
23.Ba8 Ke7 24.b3 g5 25.c4 Rc8 26.Bb7 Rc7 27.Bf3 Rd7 28.Rxd7+ Kxd7 29.Be2 g4
30.Kd2 f4 31.Bf1 Kd6 32.Kc3 Nc6 33.b4 e5 34.c5+ Kc7 35.b5 Nd4 36.a4 Nf5 37.Bd3 Nd4
38.a5 f3 39.b6+ axb6 40.axb6+ Kd7 41.gxf3 gxf3 42.Kc4 Ne6 43.Bf5 f2 44.Bh3 Kc6
45.Bg2+ Kd7 46.c6+ Kd6 47.c7 Nxc7 48.bxc7 Kxc7  1/2-1/2

[Event "Rishon Le Ziyyon"]
[Site "Rishon Le Ziyyon"]
[Date "1993.??.??"]
[Round "5"]
[White "Liss, Eran"]
[Black "Andrianov, Nikolai"]
[Result "0-1"]
[WhiteElo "2405"]
[BlackElo "2450"]

1.e4 c5 2.Nf3 d6 3.d4 cxd4 4.Nxd4 Nf6 5.Nc3 Nc6 6.Bg5 e6 7.Qd2 h6 8.Bxf6 gxf6
9.O-O-O a6 10.f4 Bd7 11.Kb1 Qc7 12.Be2 h5 13.Rhf1 O-O-O 14.Rf3 Kb8 15.f5 Nxd4
16.Qxd4 Be7 17.Bc4 Rdg8 18.g3 h4 19.Ne2 hxg3 20.hxg3 Rg4 21.Rc3 Bc6 22.fxe6 Rxe4
23.Qd3 fxe6 24.Nd4 d5 25.Bxa6 Rxd4 26.Qxd4 bxa6 27.Qd3 a5 28.Qa6 Rc8 29.a3 a4
30.Rdd3 f5 31.Rd4 Qb7 32.Qe2 Bd7 33.Qe5+ Ka7 34.Rxc8 Qxc8 35.Qg7 Qf8 36.Qe5 Bd6
37.Qe1 Qd8 38.Rh4 Ka6 39.Qe2+ Kb6 40.Qe3+ Bc5 41.Qc3 d4 42.Qc4 Qf6 43.b4 axb3
44.Qxb3+ Kc7 45.Rh7 e5 46.Qd5 Qd6 47.Qc4 e4 48.a4 Qb6+ 49.Kc1 Qc6 50.Kd1 Bb6
51.Qb4 d3 52.Qb3 Qxc2+ 53.Qxc2+ dxc2+ 54.Kxc2 Kd6 55.Kd2 Bxa4 56.Rh6+ Kc7
57.Rf6 Bd7 58.Rf7 Kd6 59.Kc3 Be6 60.Rg7 Ke5 61.Rb7 Bf2 62.Rg7 Kf6  0-1

[Event "ROM-chT"]
[Site "ROM"]
[Date "1993.??.??"]
[Round "3"]
[White "Moldovan, Daniel"]
[Black "Botvinnik, Ilia"]
[Result "1/2-1/2"]
[WhiteElo "2435"]
[BlackElo "2395"]

1.e4 c5 2.Nf3 Nc6 3.d4 cxd4 4.Nxd4 Nf6 5.Nc3 d6 6.Bg5 Bd7 7.Qd2 Rc8 8.O-O-O Nxd4
9.Qxd4 Qa5 10.Bd2 e5 11.Qd3 Rxc3 12.Bxc3 Qxa2 13.f3 b5 14.b3 Be7 15.Kd2 Qa6
16.Ra1 Qb7 17.Kc1 O-O 18.Be2 Bc6 19.Rd1 Rc8 20.Ra2 Nd7 21.Bb4 Nb6 22.Qe3 h6
23.Kb1 Bg5 24.Qf2 d5 25.Bc5 dxe4 26.Bxb6 axb6 27.fxe4 Bxe4 28.Bf3 Bxf3 29.Qxf3 e4
30.Qf5 Qc6 31.Qd5 Qe8 32.Ra7 e3 33.Re1 Rd8 34.Qf3 b4 35.h4 Bxh4 36.Rxe3 Qf8
37.Rd3 Re8 38.Re3  1/2-1/2

[Event "ROM-chT"]
[Site "ROM"]
[Date "1993.??.??"]
[Round "5"]
[White "Popescu, Cristian"]
[Black "Botvinnik, Ilia"]
[Result "0-1"]
[WhiteElo "2250"]
[BlackElo "2395"]

1.e4 c5 2.Nf3 Nc6 3.d4 cxd4 4.Nxd4 Nf6 5.Nc3 d6 6.Bg5 a6 7.Qd2 e6 8.O-O-O Bd7
9.f3 Qa5 10.h4 Rc8 11.Kb1 h6 12.Be3 h5 13.Qf2 Qc7 14.Bd3 Ne5 15.Rhe1 b5 16.Nb3 Be7
17.Qg3 b4 18.Ne2 a5 19.Nbd4 a4 20.Rc1 Qb7 21.Red1 g6 22.Bg5 Nxd3 23.cxd3 e5
24.Nc2 b3 25.axb3 Qxb3 26.Na1 Rxc1+ 27.Kxc1 Qa2 28.Nc3 Qe6 29.Bxf6 Bxf6 30.Nd5 O-O
31.Nc2 Rb8 32.Ncb4 Be8 33.Qf2  0-1